000 00752nam a2200217 i 4500
001 188088
003 SpMaBN
005 20230906223117.0
008 180427s1963 sp a |||| | spa d
080 _a84-321.5"19"
100 1 _aBergès, Yves-Guy.
_9164707
245 1 1 _a¡Auto-stop!
_b: (guía práctica y humoristica del "auto-stopista") /
_cYves-Guy Bergès ; ilustraciones de Muntañola ; [traducido por Antonio Valiente].
260 _aBarcelona :
_bSagitario,
_c[1963]
300 _a170 p. :
_bil. ;
_c19 cm.
490 1 _aAyer y hoy, humor ;
_v5
700 1 _aMuntañola, Joaquim.
_984244
700 1 _aValiente, Antonio.
_9112692
830 0 _aAyer y hoy, humor ;
_v5
_9192992
852 _aES-MaACL
_jL-31982
999 _c188088
_d188088